000 00696nam a22002297a 4500
999 _c95214
_d95214
005 20260407161810.0
008 260407b ||||| |||| 00| 0 eng d
020 _a9798891615090
041 _aeng
082 0 0 _223
_a516.242
100 1 _aHarris, Matthew,
_eauthor.
245 1 0 _aPlane trigonometry /
_cMatthew Harris.
264 1 _aJersey City :
_bAlexis Press, LLC ,
_c2025.
300 _ax, 310 pages :
_billustrations ;
_c27 cm
336 _2rdacontent
_atext
_btxt
337 _2rdamedia
_aunmediated
_bn
338 _2rdacarrier
_avolume
_bnc
504 _aIncludes bibliographical references and index.
650 0 _aPlane trigonometry.
650 0 _aTrigonometry.
942 _2ddc
_cBK